Регионална библиотека "Любен Каравелов" - Русе

Между да и не (Запис номер 70111)

MARC детайли
000 -Лидер
Контролно поле с фиксирана дължина 01130nam a2200325 c 4500
003 - Код на организацията, давaща контролен номер
Контролно поле BLK
005 - Дата и час на последна редакция
Контролно поле 20220217141702.0
008 - Елементи от данни с фиксирана дължина
fixed length control field 180408b bul|||||r ||||||| ||bul||
010 ## - Наследен системен номер
LC control number KNG00074465000
020 ## - Международен стандартен номер на книга ISBN
Международен стандартен номер на книга ISBN 954-336-014-6
040 ## - Източник на каталожния запис
Идентификатор на билиотеката - собственик на записа BLK
041 ## - Код за език
Код за езика на текст/звукозапис или на отделно заглавие Български
Код за езика КДБФ Български
072 #7 - Код за тематичната категория
Код организация bullib
Код за тематична категория К
Текст Краезнание
072 #7 - Код за тематичната категория
Код организация bullib
Код за тематична категория Я
Текст Автографи
080 ## - УДК
Текстов определител УДК Българска литература
УДК код - определител по УДК 821.163.2
УДК определител -1
УДК - код + определител 821.163.2-1
100 1# - Редна дума - Автор
Автор Павлова, Иванка Стаменова
Авторска отговорност първи автор
R(LIN) 273501
139 ## - Редно поле
Редна дума Павлова, Иванка Стаменова
Авторски знак Павло - П 13
245 10 - Сведения за заглавието
Заглавие Между да и не
Редно поле (дума) Иванка Стаменова Павлова.
257 ## - Страна на издаване
Страна на създаване/издаване България
260 ## - Област на издателските данни
Име на издателя, разпространителя и проч. Стигмати
Година на издаване 2006
300 ## - Физическа характеристика
Страници 128 с.
Размери/Мащаб 20 см
380 ## - Жанр
Жанр Худож. лит.
500 ## - Общи забележки
Забележка Съдържа и Разместване на пластовете : Поема.
659 ## - Тематичен бюлетин
Тематичен бюлетин Я
852 ## - Местоположение
Форматна сигнатура Цб 233506
852 ## - Местоположение
Форматна сигнатура К 821.163.2/П 13 И
856 4# - Електронен адрес и достъп
Електронен формат pdf - файл
856 4# - Електронен адрес и достъп
Електронен формат pdf - файл
999 ## - СИСТЕМНИ КОНТРОЛНИ НОМЕРА
Koha biblionumber 70111
Koha biblioitemnumber 70111
942 ## - АРТИКУЛИ
Вид на библиотечния материал Книги
Скрит в OPAC Не
Периодичен библиозапис Да
944 ## - СЪЗДАВАНЕ И РЕДАКЦИЯ на ЗАПИСА
Създаване/Редакция Създаване
Дата на регистрацията/редакция 25.04.2007
Статус, дата на статуса ф /
Служител, извършил регистрацията/редакцията Милена_Ачева
944 ## - СЪЗДАВАНЕ И РЕДАКЦИЯ на ЗАПИСА
Създаване/Редакция Редакция
Дата на регистрацията/редакция 12.01.2009
Статус, дата на статуса ф /
999 ## - СИСТЕМНИ КОНТРОЛНИ НОМЕРА
Koha biblioitemnumber 70111
Наличности
Код за отписване Код за изгубен артикул Код за повреда Коз за рестрикции Код за отдаване Артикулен № Име на библиотеката - собственик Име на библиотеката, в която се намира в момента Статус (Текущо местоположение) Дата на вписване в системата Местоположение - отдел Цена в лева Инвентарен номер Систематично азбучна сигнатура Баркод Номер на екземпляра Цена в евро Служебна бележка Служебен тип на артикула Номерация (Хронология) Източник на класификационната схема
  Не е изгубен Не е повреден без рестрикции ползва се в читалня 114708 Регионална библиотека "Любен Каравелов" Русе Регионална библиотека "Любен Каравелов" Русе Хранилище 2007-04-25 Хранилище 0.00 120000712941 Цб 233506 120000712941 1 0.00 Дост: Dp Вид: Д N: 44 Дата: 04.10.2006 Книги    
  Не е изгубен Не е повреден без рестрикции ползва се в читалня 114709 Регионална библиотека "Любен Каравелов" Русе Регионална библиотека "Любен Каравелов" Русе Хранилище 2008-12-22 Основен фонд - ползва се само за читалня 4.00 120000732427 Цб 233506 120000732427 2 2.05 Дост: DA Вид: А N: 16 Дата: 22.12.2008 Книги Автограф: Иванка Павлова  
  Не е изгубен Не е повреден без рестрикции заемане за дома 114710 Регионална библиотека "Любен Каравелов" Русе Регионална библиотека "Любен Каравелов" Русе Заемна - подръчен фонд 2008-12-22 Заемна - подръчен фонд 4.00 120000732428 П 886.7-1/П 13 120000732428 3 2.05 Дост: DA Вид: А N: 16 Дата: 22.12.2008 Дата инв: 14.02.2018 Бележки инв: П2018 Книги    
  Не е изгубен Не е повреден без рестрикции ползва се в читалня 114711 Регионална библиотека "Любен Каравелов" Русе Регионална библиотека "Любен Каравелов" Русе Краезнание 2008-12-22 Краезнание 4.00 120000732429 К 821.163.2/П 13 И 120000732429 4 2.05 Дост: DA Вид: А N: 16 Дата: 22.12.2008 Дата инв: 07.11.2017 Бележки инв: К2017 Книги Автограф: Иванка Павлова Universal Decimal Classification
Vip Innovations Ltd, Rousse, Bulgaria 2025